Synergické podnikání - převládající trend budoucnosti

Teoretické vymedzenie pojmu synergické podnikanie. Podstata a základné princípy sieťového podnikania. Konkrétne prejavy (typov) sieťového podnikania prevládajúcich v súčasnom podnikateľskom svete. Vymedzenie špecifík rodinného podnikania. Príklady a prejavy synergického podnikania v súčasnej podnika...

Descripción completa

Guardado en:
Detalles Bibliográficos
Autor principal: Walica, Ryszard
Formato: Capítulo de libro
Lenguaje:checo
Materias:
Etiquetas: Agregar Etiqueta
Sin Etiquetas, Sea el primero en etiquetar este registro!

MARC

LEADER 00000naa$a2200000$$$4500
001 0052470
005 20231107105846.6
041 0 |a cze 
044 |a CZ 
245 1 0 |a Synergické podnikání - převládající trend budoucnosti  |c Ryszard Walica 
520 |a Teoretické vymedzenie pojmu synergické podnikanie. Podstata a základné princípy sieťového podnikania. Konkrétne prejavy (typov) sieťového podnikania prevládajúcich v súčasnom podnikateľskom svete. Vymedzenie špecifík rodinného podnikania. Príklady a prejavy synergického podnikania v súčasnej podnikateľskej praxi. 
610 2 0 |a podnikanie rodinné 
610 2 0 |a pojmy 
610 2 0 |a synergia 
610 2 0 |a klaster 
610 2 0 |a technológie informačné 
610 2 0 |a technológie komunikačné 
100 1 |a Walica, Ryszard